Co to za logo? #6 -Restauracje - Statystyki

Ogólne statystyki
  • Ten quiz został rozwiązany 253 razy
  • Średni wynik to 5 z 8
Statystyki odpowiedzi
Obrazkowy Odpowiedź % Poprawnych
KFC
100%
McDonald's
98%
Burger King
96%
Pizza Hut
95%
Subway
91%
Dunkin' Donuts
49%
Arby's
12%
Baskin-Robbins
9%
Nie znaleziono quizów pasujących do podanych kryteriów
Rozkład punktacji
Procent ludzi z każdym wynikiem
Percentyl według liczby udzielonych odpowiedzi
Twoja historia wyników
Nie rozwiązałeś tego quizu